Guess The Artist 1960's - Statistics

General Stats
  • This quiz has been taken 58 times
    57 since last reset
  • The average score is 13 of 30
Answer Stats
Hint Answer % Correct
Yellow Submarine The Beatles
100%
Ring Of Fire Johnny Cash
98%
(I Can't Get No) Satisfaction The Rolling Stones
95%
Sweet Caroline Neil Diamond
88%
Born to Be Wild Steppenwolf
83%
Sloop John B The Beach Boys
74%
White Rabbit Jefferson Airplane
71%
Massachusetts The Bee Gees
60%
Ain't No Mountain High Enough Marvin Gaye & Tammi Terrell
57%
Where Did Our Love Go The Supremes
57%
The Letter The Box Tops
50%
Time of the Season The Zombies
45%
Elenore The Turtles
43%
Badge Cream
38%
Groovin' The Young Rascals
36%
Na Na Hey Hey Kiss Him Goodbye Steam
33%
Victoria The Kinks
31%
21st Century Schizoid Man King Crimson
26%
Just Dropped In The First Edition
26%
Conquistador Procol Harum
24%
Laughing The Guess Who
24%
Cotton Fields Creedence Clearwater Revival
21%
Silence is Golden The Tremeloes
21%
Games People Play Joe South
19%
Black Magic Woman Fleetwood Mac
17%
Remember (Walkin' in the Sand) The Shangri-Las
17%
Down in Mexico The Coasters
10%
Danger The Four Seasons
7%
(You) Got What I Need Freddie Scott
5%
Home From the Forest Gordon Lightfoot
5%
No matching quizzes found
Score Distribution
Percent of People with Each Score
Percentile by Number Answered
Your Score History
You have not taken this quiz since the last reset